000 00295nam a2200121Ia 4500
008 231129s1969||||xx |||||||||||||| ||spa||
082 _aHAJ- 0533
100 _aCoon Carleton
245 0 _aLas razas humanas actuales
260 _c1969
264 _aMadrid: Guadarrama 1969
942 _2ddc
_cBKS
999 _c18935
_d18935